000 00831nam a2200229Ia 4500
003 Ost
005 20260507075029.0
008 260507s9999||||xx |||||||||||||| ||und||
040 _cfsecg
041 _aara
082 _a330
100 _aأبو السعود، رمضان
_eمؤلف
245 0 _aمصادر الإلتزام /
_c رمضان أبو السعود
250 _aطبعة 3
260 _aالإسكندرية:
_bدار الجامعة للنشر,
_c2003
300 _a516 صفحة؛
_bإيضاحات ؛
_c24 سم
520 _aالعقد، الإدارة المنفردة، العمل غير المشروع، العمل النافع (الإثراء بلا سبب) القانون
653 _aالإلتزامات
653 _aالعقود
653 _aالمسؤولية المدنية
942 _cكتاب
999 _c42379
_d42379